An introduction to the mechanical properties of ceramics

Αποθηκεύτηκε σε:
Λεπτομέρειες βιβλιογραφικής εγγραφής
Κύριος συγγραφέας: Green, D. J. (David. J.)
Μορφή: Βιβλίο
Γλώσσα:English
Δημοσίευση: Cambridge : Cambridge University Press, c1998
Σειρά:Cambridge solid state science series
Θέματα:
Ετικέτες: Προσθήκη ετικέτας
Δεν υπάρχουν, Καταχωρήστε ετικέτα πρώτοι!

MARC

LEADER 00000nam a2200000 i 4500
001 1/69165
008 071221s1998 eng d
020 |a 0-521-59087-6 
035 |l 10093355 
040 |a GR-MY-UA  |b gre  |e aacr 
041 0 |a eng 
082 0 |a 620.14  |2 (22) 
100 1 |a Green, D. J.  |c (David. J.) 
245 1 3 |a An introduction to the mechanical properties of ceramics /  |c David J.Green 
260 |a Cambridge :   |b Cambridge University Press,   |c c1998 
300 |a xii, 336 σ.;  |b εικ.;  |c 26 εκ. 
490 1 |a Cambridge solid state science series 
504 |a Περιλαμβάνει βιβλιογραφίες και ευρετήριο 
650 0 0 |a Ceramic materials  |x Mechanical properties. 
830 0 |a Cambridge solid state science series 
852 |a INST  |b SYROS  |e 20071221  |h 620.14 GRE  |p 005500007160  |q 005500007160  |t BK  |y 0 
901 |a BIBL5-2007-3 
909 |a Ε  |b 141932 
922 |a 5ΕΛΗ  |b 200711  |c ΕΠΕΑΕΚ2/ΤΜΣΠΣ  |d ΠΑΠΑΣΩΤΗΡΙΟΥ 
970 |a ΤΣΟΥΚΑΛΑ  |b ΑΛΙΚΗ  |z 2007/12/20